000 00349nam a2200157Ia 4500
003 OSt
005 20240213104611.0
008 170524s9999 xx 000 0 und d
020 _a978-0195676938
040 _cIIMT UNIVERSITY
100 _aDAMODARN SUNA
100 _c2012
245 0 _aMANAGERIAL ECONOMICS
260 _aOXFORD
942 _2ddc
_c01
999 _c2837
_d2837